[Event "DEM U10 2011"]
[Site "Oberhof GER"]
[Date "2011.06.14"]
[Round "5"]
[White "Silber, Kevin"]
[Black "Ratay, Meike"]
[Result "1-0"]
[Termination "normal"]
[Board "21"]
[WhiteElo "1341"]
[BlackElo "1087"]
[PlyCount "129"]
[WhiteFideId "12930440"]
[BlackFideId "12977608"]
[EventCountry "GER"]
[EventRounds "11"]
[EventType "swiss"]
[EventDate "2011.06.11"]

1. e4 e5 2. Nf3 Nc6 3. d4 exd4 4. Nxd4 Bc5 5. Be3 Qf6 6. c3 a6 7. Bc4 Nge7 8.
O-O Ne5 9. Bb3 d6 10. h3 Qg6 11. Bc2 Bxh3 12. g3 Bxf1 13. Kxf1 Qg4 14. Qxg4
Nxg4 15. Bf4 O-O-O 16. b4 Ba7 17. Nd2 c5 18. bxc5 Bxc5 19. Bb3 Rhf8 20. Be6+
fxe6 21. Nxe6 Rxf4 22. gxf4 Re8 23. Nxg7 Rg8 24. Ne6 Nh2+ 25. Ke2 Bxf2 26. Kxf2
Ng4+ 27. Ke2 Kd7 28. Nd4 h5 29. N2f3 Nh2 30. Rg1 Nxf3 31. Nxf3 Rxg1 32. Nxg1 d5
33. e5 Ke6 34. Kf3 Kf5 35. Ne2 h4 36. Nd4+ Kg6 37. Kg4 Nc6 38. Nxc6 bxc6 39.
Kxh4 Kf5 40. Kh3 c5 41. Kg3 d4 42. cxd4 cxd4 43. a4 a5 44. Kf3 d3 45. Ke3 d2
46. Kxd2 Ke6 47. Kc3 Kd5 48. Kd3 Ke6 49. Kc4 Kf5 50. Kb5 Kxf4 51. e6 Ke5 52. e7
Kd6 53. e8=Q Kd5 54. Qd7+ Ke5 55. Kxa5 Ke4 56. Kb5 Ke5 57. Kc4 Kf4 58. Kd4 Kf3
59. Qe6 Kg3 60. Qe4 Kf2 61. Kd3 Kf1 62. Qe2+ Kg1 63. Ke3 Kh1 64. Kf3 Kg1 65.
Qg2# 1-0

[Event "DEM U10 2011"]
[Site "Oberhof GER"]
[Date "2011.06.14"]
[Round "5"]
[White "Shoipov, Dennie"]
[Black "Demme, Miriam"]
[Result "1-0"]
[Termination "normal"]
[Board "22"]
[WhiteElo "1336"]
[BlackElo "1086"]
[PlyCount "73"]
[WhiteFideId "14137755"]
[BlackFideId "12966703"]
[EventCountry "GER"]
[EventRounds "11"]
[EventType "swiss"]
[EventDate "2011.06.11"]

1. e4 c5 2. Nf3 d6 3. d4 cxd4 4. Nxd4 Nf6 5. Nc3 g6 6. Be3 Bg7 7. Bc4 O-O 8. f3
Nc6 9. Qd2 Bd7 10. O-O-O Rc8 11. Bb3 Na5 12. g4 h5 13. gxh5 Nxh5 14. f4 Nc4 15.
Bxc4 Rxc4 16. Qe2 Rc8 17. f5 Qa5 18. Nb3 Qe5 19. Bd4 Qf4+ 20. Kb1 d5 21. Nxd5
Qd6 22. Bxg7 Kxg7 23. e5 Qc6 24. Rhf1 Rh8 25. Nxe7 Qc7 26. Nxc8 Bxc8 27. fxg6
fxg6 28. Rd4 Qe7 29. Qc4 Bh3 30. Rfd1 Qxe5 31. Rd5 Qxh2 32. Qe4 Qf2 33. Qe7+
Kh6 34. Qg5+ Kh7 35. R5d2 Qb6 36. Rd6 Qf2 37. Qxg6# 1-0

[Event "DEM U10 2011"]
[Site "Oberhof GER"]
[Date "2011.06.14"]
[Round "5"]
[White "Riegel, Arinna"]
[Black "Petersen, Marcel"]
[Result "1-0"]
[Termination "normal"]
[Board "23"]
[WhiteElo "1118"]
[BlackElo "1330"]
[PlyCount "47"]
[WhiteFideId "12931446"]
[BlackFideId "12935670"]
[EventCountry "GER"]
[EventRounds "11"]
[EventType "swiss"]
[EventDate "2011.06.11"]

1. e4 c5 2. Nf3 d6 3. d4 cxd4 4. Nxd4 Nf6 5. Nc3 g6 6. f4 Bg7 7. e5 dxe5 8.
fxe5 Ng4 9. Bb5+ Kf8 10. Ne6+ fxe6 11. Qxd8+ Kf7 12. O-O+ Nf6 13. Qd4 a6 14.
exf6 exf6 15. Bg5 f5 16. Qc5 Bf8 17. Qc7+ Kg8 18. Qxc8 axb5 19. Qxe6+ Kg7 20.
Bf6+ Kh6 21. Rf3 Kh5 22. Rh3+ Kg4 23. Qe2+ Kf4 24. Qf3# 1-0

[Event "DEM U10 2011"]
[Site "Oberhof GER"]
[Date "2011.06.14"]
[Round "5"]
[White "Ackermann, Constantin"]
[Black "Ott, Josef Sebastian"]
[Result "1-0"]
[Termination "normal"]
[Board "24"]
[WhiteElo "1103"]
[BlackElo "1327"]
[PlyCount "77"]
[BlackFideId "12952079"]
[EventCountry "GER"]
[EventRounds "11"]
[EventType "swiss"]
[EventDate "2011.06.11"]

1. e4 e6 2. d4 d5 3. exd5 exd5 4. c4 c6 5. Nc3 Bd6 6. a3 Ne7 7. Nf3 Bf5 8. Be2
Nd7 9. O-O Qc7 10. Re1 O-O 11. Bd3 Nf6 12. c5 Bxd3 13. Qxd3 Bxc5 14. dxc5 Ng6
15. g3 Rac8 16. Bd2 Rfe8 17. Qd4 Ne4 18. Qb4 a5 19. Qb3 Nxc5 20. Qc2 d4 21.
Rxe8+ Rxe8 22. Nxd4 Qd7 23. Nf3 Qg4 24. Kg2 h5 25. h3 Qd7 26. Re1 Rd8 27. Rd1
Qe7 28. Bg5 f6 29. Rxd8+ Qxd8 30. Qxg6 fxg5 31. Nxg5 Nd3 32. Nce4 h4 33. Qh7+
Kf8 34. Ne6+ Ke7 35. Nxd8 Kxd8 36. Qxh4+ Kc7 37. Qe7+ Kc8 38. Nd6+ Kb8 39.
Qxb7# 1-0

[Event "DEM U10 2011"]
[Site "Oberhof GER"]
[Date "2011.06.14"]
[Round "5"]
[White "Rau, Jennifer"]
[Black "Rockmann, Jan-Okke"]
[Result "0-1"]
[Termination "normal"]
[Board "25"]
[WhiteElo "1092"]
[BlackElo "1294"]
[PlyCount "40"]
[WhiteFideId "12983276"]
[BlackFideId "12942111"]
[EventCountry "GER"]
[EventRounds "11"]
[EventType "swiss"]
[EventDate "2011.06.11"]

1. e4 e6 2. d4 d5 3. exd5 exd5 4. Nc3 c6 5. Bf4 Bb4 6. Qd2 Nf6 7. Nge2 Ne4 8.
Qe3 O-O 9. Qd3 b6 10. a3 Ba6 11. Qf3 Bxc3+ 12. bxc3 Re8 13. g3 Qf6 14. O-O-O g5
15. h4 gxf4 16. Nxf4 Bxf1 17. Rhxf1 Kh8 18. Rfe1 b5 19. Qg2 Qd6 20. f3 Qxa3+
0-1

[Event "DEM U10 2011"]
[Site "Oberhof GER"]
[Date "2011.06.14"]
[Round "5"]
[White "Schamber, Dennis"]
[Black "Schröter, Ron"]
[Result "1/2-1/2"]
[Termination "normal"]
[Board "26"]
[WhiteElo "1039"]
[BlackElo "1291"]
[PlyCount "58"]
[WhiteFideId "12952176"]
[BlackFideId "12941727"]
[EventCountry "GER"]
[EventRounds "11"]
[EventType "swiss"]
[EventDate "2011.06.11"]

1. e4 e5 2. Nf3 Nc6 3. Bc4 Bc5 4. c3 Nf6 5. d4 exd4 6. cxd4 Bb4+ 7. Nc3 Nxe4 8.
O-O Bxc3 9. bxc3 d5 10. Bd3 O-O 11. Qc2 Re8 12. Re1 Bf5 13. Bg5 f6 14. Bh4 Bg6
15. c4 Nb4 16. Qb3 Nxd3 17. Qxd3 Nxf2 18. Qb3 Rxe1+ 19. Rxe1 Nd3 20. Rd1 dxc4
21. Qxc4+ Kh8 22. Rxd3 Bxd3 23. Qxd3 c5 24. Qc4 cxd4 25. Ne5 Qb6 26. Nf7+ Kg8
27. Nh6+ Kh8 28. Nf7+ Kg8 29. Nh6+ Kh8 1/2-1/2

[Event "DEM U10 2011"]
[Site "Oberhof GER"]
[Date "2011.06.14"]
[Round "5"]
[White "Schirra, Maurice"]
[Black "Lohrmann, Tabea"]
[Result "1-0"]
[Termination "normal"]
[Board "27"]
[WhiteElo "1226"]
[BlackElo "1039"]
[PlyCount "75"]
[WhiteFideId "12941115"]
[BlackFideId "12911941"]
[EventCountry "GER"]
[EventRounds "11"]
[EventType "swiss"]
[EventDate "2011.06.11"]

1. e4 d5 2. exd5 Qxd5 3. Nc3 Qd6 4. Bc4 Bf5 5. d3 e6 6. Nf3 Nf6 7. Nb5 Qd8 8.
Bf4 c6 9. Nc7+ Kd7 10. Ne5+ Ke7 11. Nxa8 Nbd7 12. Nc7 Nxe5 13. Bxe5 Kd7 14. Nb5
cxb5 15. Bxb5+ Kc8 16. Qd2 Ne8 17. Qc3+ Nc7 18. Bxc7 Qe7 19. Bd6+ Kd8 20. Bxe7+
Bxe7 21. Qd4+ Kc7 22. Qd7+ Kb6 23. Qxe7 Kxb5 24. Qxb7+ Kc5 25. Qxa7+ Kd6 26.
Qxf7 Rc8 27. Kd2 Rc7 28. Qf8+ Kd7 29. Qxg7+ Kd6 30. Qd4+ Kc6 31. Rhe1 Rd7 32.
Qf6 Kd6 33. Re5 Bg4 34. Re4 Bf5 35. Rd4+ Kc6 36. Rxd7 Kxd7 37. Qxf5 exf5 38. a4
1-0

[Event "DEM U10 2011"]
[Site "Oberhof GER"]
[Date "2011.06.14"]
[Round "5"]
[White "Flach, Helene"]
[Black "Hausdorf, Lars"]
[Result "0-1"]
[Termination "normal"]
[Board "28"]
[WhiteElo "849"]
[BlackElo "1198"]
[PlyCount "110"]
[WhiteFideId "12929735"]
[BlackFideId "16200390"]
[EventCountry "GER"]
[EventRounds "11"]
[EventType "swiss"]
[EventDate "2011.06.11"]

1. e4 e5 2. Nf3 Nf6 3. Nc3 Nc6 4. Bb5 Bb4 5. O-O O-O 6. d3 d6 7. Bg5 Bxc3 8.
bxc3 Bg4 9. Bxf6 Qxf6 10. Rb1 Qg6 11. Kh1 Ne7 12. h3 Qh5 13. Kg1 Bxf3 14. Qxf3
Qxf3 15. gxf3 f5 16. Bc4+ Kh8 17. Rxb7 Rfc8 18. Be6 Rf8 19. Rxc7 Ng6 20. exf5
Nf4 21. Kh2 Nxe6 22. fxe6 Rfe8 23. Rg1 g6 24. Rg4 Rxe6 25. f4 e4 26. f5 gxf5
27. Rgg7 Rh6 28. Kg3 Rg8 29. Kf4 Rxg7 30. Rc6 exd3 31. cxd3 Rf6 32. d4 h6 33.
c4 Kh7 34. c5 Rd7 35. cxd6 Rfxd6 36. Rc5 Rxd4+ 37. Kxf5 R7d5+ 38. Rxd5 Rxd5+
39. Kg4 Rd2 40. f4 Rxa2 41. Kf5 Ra6 42. Ke5 Rb6 43. f5 Kg7 44. Kd5 Kf6 45. Kc5
a5 46. Kxb6 a4 47. Kc5 a3 48. Kd4 a2 49. Ke4 a1=Q 50. Kf4 Qd4+ 51. Kf3 Kxf5 52.
Ke2 Ke4 53. Ke1 Qb2 54. h4 Ke3 55. Kd1 Qb1# 0-1

[Event "DEM U10 2011"]
[Site "Oberhof GER"]
[Date "2011.06.14"]
[Round "5"]
[White "Keymer, Vincent"]
[Black "Pajeken, Jakob Leon"]
[Result "0-1"]
[Termination "normal"]
[Board "29"]
[WhiteElo "1192"]
[BlackElo "915"]
[PlyCount "112"]
[WhiteFideId "12940690"]
[BlackFideId "12942839"]
[EventCountry "GER"]
[EventRounds "11"]
[EventType "swiss"]
[EventDate "2011.06.11"]

1. d4 d5 2. c4 e5 3. dxe5 d4 4. Nf3 Nc6 5. e3 Bb4+ 6. Bd2 dxe3 7. fxe3 Nge7 8.
Be2 Ng6 9. Bxb4 Nxb4 10. O-O Qxd1 11. Bxd1 O-O 12. Ba4 Nd3 13. Nc3 Ngxe5 14.
Nxe5 Nxe5 15. Nd5 c6 16. Ne7+ Kh8 17. Bb3 Be6 18. Rac1 g6 19. e4 Rfe8 20. Nd5
cxd5 21. cxd5 Bd7 22. Rc7 Rab8 23. Rc5 Rbc8 24. Ra5 a6 25. d6 Bb5 26. Rd1 Red8
27. h3 Rc6 28. a4 Bc4 29. Bc2 f6 30. b3 b6 31. Rxe5 fxe5 32. bxc4 Rxc4 33. Bb3
Rxe4 34. d7 Kg7 35. Be6 Kf6 36. Bg4 Ke7 37. Rc1 h5 38. Bf3 Rxa4 39. Kh2 Ra3 40.
Bc6 Ra5 41. Kg1 Rc5 42. Rxc5 bxc5 43. Kf2 Rxd7 44. Ke3 Rd4 45. Ke2 a5 46. Ke3
a4 47. Bxa4 Rxa4 48. Kd3 Kd6 49. Kc3 Rd4 50. Kb3 e4 51. Kc3 e3 52. g4 e2 53.
gxh5 e1=Q+ 54. Kb3 Qc1 55. hxg6 Rb4+ 56. Ka2 Qb2# 0-1

[Event "DEM U10 2011"]
[Site "Oberhof GER"]
[Date "2011.06.14"]
[Round "5"]
[White "Schneider, Jana"]
[Black "Poetsch, Leonore"]
[Result "1-0"]
[Termination "normal"]
[Board "30"]
[WhiteElo "1347"]
[BlackElo "966"]
[PlyCount "129"]
[WhiteFideId "12924997"]
[BlackFideId "12940372"]
[EventCountry "GER"]
[EventRounds "11"]
[EventType "swiss"]
[EventDate "2011.06.11"]

1. e4 e6 2. d4 d5 3. exd5 exd5 4. Bd3 Bd6 5. Qf3 Nf6 6. h3 O-O 7. Ne2 c6 8. Bg5
Nbd7 9. Nd2 Be7 10. c3 Nb6 11. Bc2 Re8 12. O-O-O Be6 13. Nf4 Qd6 14. Nxe6 Qxe6
15. Qf5 Qxf5 16. Bxf5 Nfd7 17. Bxd7 Nxd7 18. Bxe7 Rxe7 19. Rhe1 Rae8 20. Nf3
Rxe1 21. Rxe1 Rxe1+ 22. Nxe1 f6 23. Kd2 Kf7 24. Ke3 Ke6 25. Kf4 g6 26. Nd3 h5
27. g4 g5+ 28. Kg3 hxg4 29. hxg4 f5 30. f4 Kf6 31. Ne5 Nf8 32. fxg5+ Kxg5 33.
Nf7+ Kf6 34. Nd8 fxg4 35. Kxg4 Ne6 36. Nxb7 Kg6 37. Na5 Nd8 38. Kf4 Kf6 39. b3
Ke6 40. Kg5 Kd7 41. Kf6 Ne6 42. Ke5 Nd8 43. Kf6 Kd6 44. c4 dxc4 45. bxc4 c5 46.
d5 Kc7 47. Ke7 Kb6 48. Kxd8 Kxa5 49. Kc7 Kb4 50. d6 Kxc4 51. d7 Kb4 52. d8=Q c4
53. Qd4 a5 54. a3+ Kb3 55. Qd2 c3 56. Qc1 a4 57. Kc6 c2 58. Kc5 Kc3 59. Kd5 Kd3
60. Ke5 Kc3 61. Ke4 Kb3 62. Kd3 Ka2 63. Qxc2+ Ka1 64. Qd2 Kb1 65. Kc3 1-0

[Event "DEM U10 2011"]
[Site "Oberhof GER"]
[Date "2011.06.14"]
[Round "5"]
[White "Stein, Robert"]
[Black "Santos, Leonardo"]
[Result "1/2-1/2"]
[Termination "normal"]
[Board "31"]
[WhiteElo "1292"]
[BlackElo "1100"]
[PlyCount "29"]
[WhiteFideId "12921084"]
[BlackFideId "12965049"]
[EventCountry "GER"]
[EventRounds "11"]
[EventType "swiss"]
[EventDate "2011.06.11"]

1. e4 c5 2. Nf3 d6 3. d4 cxd4 4. Nxd4 Nf6 5. Nc3 g6 6. Be3 Bg7 7. Bc4 O-O 8. f3
Nc6 9. Qd2 Bd7 10. O-O-O Rc8 11. Bb3 Nxd4 12. Bxd4 b5 13. e5 dxe5 14. Bxe5 Bc6
15. Qxd8 1/2-1/2

[Event "DEM U10 2011"]
[Site "Oberhof GER"]
[Date "2011.06.14"]
[Round "5"]
[White "Möller, Lisa-Marie"]
[Black "Rosenhain, Rachela"]
[Result "1/2-1/2"]
[Termination "normal"]
[Board "32"]
[WhiteElo "1069"]
[BlackElo "1190"]
[PlyCount "72"]
[WhiteFideId "12959367"]
[BlackFideId "12957615"]
[EventCountry "GER"]
[EventRounds "11"]
[EventType "swiss"]
[EventDate "2011.06.11"]

1. e4 c5 2. Nf3 d6 3. d4 cxd4 4. Nxd4 Nf6 5. Nc3 g6 6. f3 Bg7 7. Be3 Nc6 8. Qd2
O-O 9. O-O-O Bd7 10. g4 Rc8 11. h4 Ne5 12. h5 Nc4 13. Bxc4 Rxc4 14. hxg6 fxg6
15. Bh6 Qb6 16. Bxg7 Kxg7 17. Qh6+ Kg8 18. Nb3 Be6 19. f4 Qe3+ 20. Nd2 Rxc3 21.
bxc3 Qxc3 22. Nb3 Rc8 23. Rh2 Bxb3 24. axb3 Qa1+ 25. Kd2 Qd4+ 26. Kc1 Qxe4 27.
Rdd2 Qe3 28. Rh3 Qc5 29. Qg5 Qb6 30. Re2 Qa6 31. Rhh2 Qa1+ 32. Kd2 Qc3+ 33. Kd1
Qa1+ 34. Kd2 Qc3+ 35. Kd1 Qa1+ 36. Kd2 Qc3+ 1/2-1/2

[Event "DEM U10 2011"]
[Site "Oberhof GER"]
[Date "2011.06.14"]
[Round "5"]
[White "Yankelevich, Michael"]
[Black "Heckmann, Till"]
[Result "0-1"]
[Termination "normal"]
[Board "33"]
[WhiteElo "1083"]
[BlackElo "1157"]
[PlyCount "62"]
[WhiteFideId "12921440"]
[BlackFideId "12987093"]
[EventCountry "GER"]
[EventRounds "11"]
[EventType "swiss"]
[EventDate "2011.06.11"]

1. e4 e5 2. Nf3 Nc6 3. Bc4 Bc5 4. d3 d6 5. O-O Nf6 6. Be3 Bg4 7. c3 O-O 8. Nbd2
Qe7 9. b4 Bb6 10. a4 a6 11. Qb3 Nd8 12. Nh4 Nxe4 13. Nxe4 Qxh4 14. Bg5 Qh5 15.
Be7 Re8 16. Bxd8 Raxd8 17. Ng3 Qg6 18. Rae1 Be6 19. Kh1 f5 20. f4 d5 21. Rxe5
dxc4 22. dxc4 Rd2 23. Ree1 Qf7 24. Qb1 g6 25. Re2 Rxe2 26. Nxe2 Bxc4 27. Re1
Rxe2 28. Rxe2 Bxe2 29. Qe1 Qe7 30. Qd2 c6 31. a5 Qe3 0-1

[Event "DEM U10 2011"]
[Site "Oberhof GER"]
[Date "2011.06.14"]
[Round "5"]
[White "Kopylov, Daniel"]
[Black "Rosenthal, Moritz"]
[Result "1-0"]
[Termination "normal"]
[Board "34"]
[WhiteElo "1130"]
[BlackElo "847"]
[PlyCount "131"]
[WhiteFideId "12921971"]
[BlackFideId "12946338"]
[EventCountry "GER"]
[EventRounds "11"]
[EventType "swiss"]
[EventDate "2011.06.11"]

1. d4 d5 2. c4 e6 3. Nc3 Nf6 4. Bg5 Nbd7 5. e4 c6 6. e5 h6 7. exf6 hxg5 8. fxg7
Bxg7 9. Be2 Nf6 10. Nf3 Bh6 11. O-O Qc7 12. Ne5 Nd7 13. Bh5 Nxe5 14. dxe5 Qxe5
15. Qf3 Qf4 16. Qxf4 gxf4 17. cxd5 cxd5 18. Nb5 Ke7 19. Rfe1 Bd7 20. Nc7 Rag8
21. Nxd5+ Kf8 22. Nf6 Rg5 23. Nxd7+ Ke7 24. Bxf7 Kxf7 25. Ne5+ Ke7 26. Nf3 Rg7
27. Nd4 Rg6 28. Re4 Bg7 29. Rxf4 Rd8 30. Nf3 Rc8 31. g3 Rc2 32. Rb4 b6 33. Rb1
Rf6 34. Rb3 Rf7 35. Re1 Bxb2 36. h4 Bg7 37. Rbe3 Rc6 38. Ng5 Rf6 39. f4 Kd6 40.
Ne4+ Ke7 41. Nxf6 Kxf6 42. Kf2 Kf5 43. Kf3 Bd4 44. g4+ Kf6 45. Re4 Rc3+ 46. Kg2
Rc2+ 47. R1e2 Rxe2+ 48. Rxe2 e5 49. fxe5+ Bxe5 50. Rf2+ Kg6 51. Rf5 Bg7 52. Kf3
a5 53. Ke4 Kh6 54. Kd5 Kg6 55. Kc6 Bd4 56. Kd5 Bc5 57. Ke6 Be3 58. Rf6+ Kg7 59.
g5 a4 60. h5 a3 61. Rf7+ Kg8 62. Kf6 Bd4+ 63. Kg6 Bc5 64. h6 Bf8 65. h7+ Kh8
66. Rxf8# 1-0

[Event "DEM U10 2011"]
[Site "Oberhof GER"]
[Date "2011.06.14"]
[Round "5"]
[White "Wurst, Maximilian"]
[Black "Bachmann, Jonas"]
[Result "1-0"]
[Termination "normal"]
[Board "35"]
[WhiteElo "964"]
[BlackElo "1396"]
[PlyCount "215"]
[WhiteFideId "12971812"]
[BlackFideId "12922919"]
[EventCountry "GER"]
[EventRounds "11"]
[EventType "swiss"]
[EventDate "2011.06.11"]

1. e4 e5 2. Nf3 Nc6 3. Bc4 Bc5 4. O-O Nf6 5. d3 d6 6. Nc3 h6 7. Be3 Bb6 8. Bb5
Bd7 9. Bc4 Bxe3 10. fxe3 g5 11. Nd2 h5 12. Qf3 Rh6 13. Nd5 g4 14. Nxf6+ Kf8 15.
Nxd7+ Qxd7 16. Qxf7+ Qxf7 17. Bxf7 Ke7 18. Bd5 Rf8 19. Rxf8 Kxf8 20. Rf1+ Ke8
21. Bf7+ Ke7 22. c3 Rh7 23. Bd5 Rg7 24. d4 Na5 25. b4 Nc6 26. Nb3 g3 27. h3
exd4 28. exd4 h4 29. b5 Nd8 30. Rf4 c6 31. bxc6 bxc6 32. Bc4 Rh7 33. Nd2 Ne6
34. Bxe6 Kxe6 35. Nf3 Rb7 36. Kf1 Rb2 37. Rxh4 Rxa2 38. Rg4 a5 39. Rxg3 Rc2 40.
Rg5 d5 41. exd5+ cxd5 42. Rg6+ Kf7 43. Rd6 Ra2 44. Rb6 a4 45. Rb4 a3 46. Ra4
Ra1+ 47. Kf2 a2 48. Kg3 Ke6 49. Kf2 Kd6 50. Nd2 Kc6 51. Nb3 Rb1 52. Na5+ Kb6
53. Rxa2 Rc1 54. Ra3 Kc7 55. Rb3 Rc2+ 56. Kg3 Kd7 57. Kh4 Rxg2 58. Rb5 Ke6 59.
Nc6 Rc2 60. Rb3 Kd6 61. Ne5 Rf2 62. Kh5 Rf5+ 63. Kg4 Rxe5 64. h4 Re3 65. h5 Re6
66. Kg5 Re2 67. h6 Ke7 68. Kg6 Rg2+ 69. Kh7 Kd6 70. Kh8 Rg4 71. h7 Ke6 72. Rb7
Kf6 73. Rd7 Rg5 74. Rd8 Kf7 75. Ra8 Kf6 76. Rg8 Rh5 77. Rg2 Kf7 78. Rg3 Kf8 79.
Rg1 Kf7 80. Rc1 Kg6 81. Rg1+ Kf7 82. Rg7+ Kf8 83. Rc7 Rh4 84. Rc5 Kf7 85. Rxd5
Re4 86. Rd8 Re3 87. Rc8 Re4 88. d5 Re7 89. c4 Rd7 90. Rb8 Rd6 91. Rb7+ Kf8 92.
c5 Rxd5 93. c6 Rd8 94. Rd7 Rc8 95. c7 Ke8 96. Rd8+ Rxd8 97. cxd8=Q+ Kxd8 98.
Kg8 Ke7 99. h8=Q Ke6 100. Qd4 Kf5 101. Qe3 Kf6 102. Kf8 Kf5 103. Ke7 Kg4 104.
Qf2 Kh3 105. Qg1 Kh4 106. Kf6 Kh3 107. Kf5 Kh4 108. Qg4# 1-0

[Event "DEM U10 2011"]
[Site "Oberhof GER"]
[Date "2011.06.14"]
[Round "5"]
[White "Cejda, Cecilia"]
[Black "Herbert, Fabian"]
[Result "1-0"]
[Termination "normal"]
[Board "36"]
[WhiteElo "1130"]
[BlackElo "949"]
[PlyCount "83"]
[WhiteFideId "12921122"]
[BlackFideId "12940402"]
[EventCountry "GER"]
[EventRounds "11"]
[EventType "swiss"]
[EventDate "2011.06.11"]

1. e4 e5 2. Nf3 Nc6 3. Bc4 Bc5 4. b4 Bxb4 5. c3 Be7 6. d4 d6 7. Bb5 exd4 8.
cxd4 Nf6 9. d5 a6 10. Bxc6+ bxc6 11. dxc6 Nxe4 12. Qd4 Nc5 13. Bb2 Bf6 14. Qe3+
Be6 15. Bd4 Bxd4 16. Qxd4 O-O 17. O-O a5 18. Nc3 Qc8 19. Ne2 Bg4 20. Kh1 Bxf3
21. gxf3 Qh3 22. Rg1 Qxf3+ 23. Rg2 Ne6 24. Qc3 Qxe2 25. Re1 Qxa2 26. Rxe6 g6
27. Re1 Qd5 28. h4 h5 29. Kh2 Qb5 30. Reg1 Qf5 31. Rg5 Qe6 32. Rxh5 f6 33.
Rxg6+ Kf7 34. Rgh6 Ke8 35. Rh7 a4 36. Qg3 a3 37. Qg6+ Kd8 38. Qg7 Rg8 39. Qxc7+
Ke8 40. Ra5 Rxa5 41. Qb8+ Qc8 42. Qxc8# 1-0

[Event "DEM U10 2011"]
[Site "Oberhof GER"]
[Date "2011.06.14"]
[Round "5"]
[White "Adler, Jakob"]
[Black "Kobald, Jacqueline"]
[Result "1-0"]
[Termination "normal"]
[Board "37"]
[WhiteElo "1111"]
[BlackElo "806"]
[PlyCount "69"]
[BlackFideId "12988162"]
[EventCountry "GER"]
[EventRounds "11"]
[EventType "swiss"]
[EventDate "2011.06.11"]

1. e4 e5 2. Nf3 Nc6 3. Bc4 Bc5 4. c3 Nf6 5. d3 h6 6. Nbd2 d6 7. h3 Be6 8. O-O
O-O 9. Bb3 Nh5 10. d4 exd4 11. cxd4 Nxd4 12. Nxd4 Bxd4 13. Qxh5 Qf6 14. Rb1
Rae8 15. Bxe6 fxe6 16. Nf3 Bb6 17. Be3 c5 18. Nh2 d5 19. exd5 exd5 20. Qf3 Qe5
21. Ng4 Qd6 22. Qg3 Qe6 23. Nxh6+ Kh8 24. Ng4 Qd7 25. Ne5 Qd8 26. Ng6+ Kg8 27.
Nxf8 Rxf8 28. Bh6 Rf7 29. f4 c4+ 30. Kh1 Bc7 31. Qg4 Qd6 32. Bg5 g6 33. Rbe1
Rg7 34. Qc8+ Kf7 35. Qe8# 1-0

[Event "DEM U10 2011"]
[Site "Oberhof GER"]
[Date "2011.06.14"]
[Round "5"]
[White "Könze, Heike"]
[Black "Pantsernaya, Sofya"]
[Result "1-0"]
[Termination "normal"]
[Board "38"]
[WhiteElo "1093"]
[BlackElo "769"]
[PlyCount "49"]
[WhiteFideId "12964476"]
[BlackFideId "12993182"]
[EventCountry "GER"]
[EventRounds "11"]
[EventType "swiss"]
[EventDate "2011.06.11"]

1. e4 d5 2. exd5 Qxd5 3. Nc3 Qa5 4. d4 c6 5. Bc4 Nf6 6. Bd2 Qc7 7. Nf3 Bg4 8.
h3 Bh5 9. g4 Bg6 10. Ne5 Be4 11. f3 Bd5 12. Nxd5 Nxd5 13. Qe2 Nd7 14. Qe4 O-O-O
15. Nxf7 Re8 16. Nxh8 e5 17. O-O-O N7f6 18. Qf5+ Kb8 19. Rhe1 Bb4 20. Bxd5
Bxd2+ 21. Rxd2 Nxd5 22. Nf7 Rf8 23. Rxe5 Rxf7 24. Re8+ Qc8 25. Qxc8# 1-0

[Event "DEM U10 2011"]
[Site "Oberhof GER"]
[Date "2011.06.14"]
[Round "5"]
[White "Wastian, Mareike"]
[Black "Volkov, Michael"]
[Result "0-1"]
[Termination "normal"]
[Board "39"]
[WhiteElo "932"]
[BlackElo "1056"]
[PlyCount "104"]
[WhiteFideId "12947423"]
[EventCountry "GER"]
[EventRounds "11"]
[EventType "swiss"]
[EventDate "2011.06.11"]

1. e4 e5 2. Nf3 Nc6 3. Bb5 a6 4. Bxc6 dxc6 5. Nc3 Bd6 6. d4 exd4 7. Qxd4 f6 8.
Be3 Qe7 9. O-O-O Nh6 10. h3 Nf7 11. Qd2 Bd7 12. Qd4 g6 13. Rhe1 Ne5 14. Nd2 Be6
15. h4 Ng4 16. Bg5 Rf8 17. Be3 Nxe3 18. Rxe3 Bc5 19. Qa4 Bxe3 20. fxe3 Rd8 21.
Nb3 Rxd1+ 22. Nxd1 Bxb3 23. Qxb3 b6 24. Qa4 Kf7 25. Qxc6 Re8 26. Nf2 Qc5 27.
Qxc5 bxc5 28. Kd2 Ke6 29. Kd3 f5 30. exf5+ Kxf5 31. Kc4 Rxe3 32. Kxc5 Re2 33.
Nd3 Rxc2+ 34. Kb4 Rxg2 35. a4 Rg4+ 36. Ka5 Rxh4 37. Nc5 g5 38. Kxa6 g4 39. Kb7
g3 40. a5 g2 41. a6 g1=Q 42. a7 Qxc5 43. a8=Q Qd5+ 44. Kb8 Rb4+ 45. Kxc7 Qxa8
46. b3 Rxb3 47. Kd6 Qd8+ 48. Kc5 Rc3+ 49. Kb4 Qc7 50. Kb5 Qc5+ 51. Ka6 Qb4 52.
Ka7 Ra3# 0-1

[Event "DEM U10 2011"]
[Site "Oberhof GER"]
[Date "2011.06.14"]
[Round "5"]
[White "Maaß, Timo"]
[Black "Staufenberger, Philipp"]
[Result "1-0"]
[Termination "normal"]
[Board "40"]
[WhiteElo "882"]
[BlackElo "1033"]
[PlyCount "67"]
[BlackFideId "12970883"]
[EventCountry "GER"]
[EventRounds "11"]
[EventType "swiss"]
[EventDate "2011.06.11"]

1. d4 e6 2. c4 d5 3. Nc3 Nf6 4. Nf3 c6 5. e3 dxc4 6. Bxc4 b5 7. Bd3 Bb7 8. O-O
Qc7 9. b3 b4 10. Ne2 c5 11. Qc2 Bxf3 12. gxf3 Bd6 13. Ng3 Na6 14. Bxa6 h5 15.
dxc5 h4 16. Ne4 Bxh2+ 17. Kh1 Be5 18. Rb1 Nxe4 19. Qxe4 Ke7 20. Qxb4 h3 21. Qb7
Rab8 22. Qxc7+ Bxc7 23. Bb2 Rbg8 24. f4 Rh5 25. Kh2 g5 26. Rg1 Kf8 27. Be5 Bd8
28. fxg5 Bxg5 29. c6 Bd8 30. Rxg8+ Kxg8 31. c7 Bxc7 32. Bxc7 Rf5 33. Rb2 Rc5
34. Bg3 1-0

[Event "DEM U10 2011"]
[Site "Oberhof GER"]
[Date "2011.06.14"]
[Round "5"]
[White "Bureik, Nicolas"]
[Black "Schmidt, Sarah"]
[Result "0-1"]
[Termination "normal"]
[Board "41"]
[WhiteElo "861"]
[BlackElo "1032"]
[PlyCount "90"]
[WhiteFideId "12971863"]
[BlackFideId "12965480"]
[EventCountry "GER"]
[EventRounds "11"]
[EventType "swiss"]
[EventDate "2011.06.11"]

1. e4 d5 2. exd5 Nf6 3. d4 Nxd5 4. Nf3 Nc6 5. Be2 Bg4 6. O-O e6 7. c4 Nf6 8.
Bg5 Be7 9. Nc3 O-O 10. Re1 h6 11. Bh4 Bxf3 12. Bxf3 Qxd4 13. Qxd4 Nxd4 14. Bxb7
Rab8 15. Bxf6 Bxf6 16. Be4 Rxb2 17. Bd3 Bh4 18. g3 Nf3+ 19. Kf1 Nxe1 20. Kxe1
Bf6 21. Nb5 Rxb5 22. cxb5 Bxa1 23. a4 Rd8 24. Bc4 Rd4 25. Be2 Rxa4 26. Bd1 Bc3+
27. Ke2 Ra2+ 28. Kd3 Rd2+ 29. Kxc3 Rxd1 30. Kc4 f5 31. Kc5 Rc1+ 32. Kb4 c6 33.
bxc6 Rxc6 34. Kb5 Rc1 35. Ka6 g5 36. Kxa7 f4 37. g4 e5 38. f3 e4 39. fxe4 f3
40. e5 f2 41. e6 f1=Q 42. e7 Qf7 43. h4 Qxe7+ 44. Ka6 Qb4 45. Ka7 Ra1# 0-1

[Event "DEM U10 2011"]
[Site "Oberhof GER"]
[Date "2011.06.14"]
[Round "5"]
[White "Merx, Florian"]
[Black "Reuker, Ronja"]
[Result "1-0"]
[Termination "normal"]
[Board "44"]
[WhiteElo "1035"]
[BlackElo "730"]
[PlyCount "73"]
[WhiteFideId "16212304"]
[BlackFideId "12947172"]
[EventCountry "GER"]
[EventRounds "11"]
[EventType "swiss"]
[EventDate "2011.06.11"]

1. e4 c5 2. Nf3 a6 3. Nc3 g6 4. Bc4 b5 5. Be2 e6 6. d3 Bg7 7. Be3 Ne7 8. O-O
Bb7 9. Re1 Qc7 10. Qd2 d6 11. h3 Nbc6 12. Rad1 O-O 13. d4 cxd4 14. Nxd4 Nxd4
15. Bxd4 Bxd4 16. Qxd4 e5 17. Qxd6 Qxd6 18. Rxd6 b4 19. Nd1 Bxe4 20. Bxa6 Rxa6
21. Rxa6 f5 22. c3 bxc3 23. Nxc3 Ra8 24. Rxa8+ Bxa8 25. Rxe5 Nc6 26. Re8+ Kf7
27. Rxa8 Ke6 28. a4 h5 29. a5 h4 30. a6 g5 31. a7 g4 32. Re8+ Kf6 33. a8=Q Nd4
34. Qa6+ Kg5 35. Qd6 Nb3 36. Rg8+ Kh5 37. Qg6# 1-0